000 00700nam a22002172 4500
001 0000013520
005 20151217152125.0
008 090909s xx 000 0 eng d
020 _a0199299850 :
040 _aKABU
_cKABU
100 1 _aGulati, Ranjay.
_@0000170945
245 1 0 _aManaging network resouces :
_balliances, affilitions and other relational assets /
_cRanjay Gulati.
250 _a1st ed.
260 _aOxford :
_bO. U. P,
_c2007.
300 _axvi, 325 p.
650 0 _aBusiness networks.
_@0000158066
650 0 _aStrategig alliances (Business)
_xManagement.
_@0000170946
852 1 _9p3862.50 KES
908 _a090909
950 _@1
999 _c8512
_d8512